| 000 | 01396cam a22003615a 4500 | ||
|---|---|---|---|
| 001 | 17829940 | ||
| 005 | 20161003123401.0 | ||
| 008 | 130729t2014 nyua frb 001 0 eng d | ||
| 010 | _a 2013946505 | ||
| 015 |
_aGBB386550 _2bnb |
||
| 016 | 7 |
_a016502946 _2Uk |
|
| 020 | _a9780071830829 | ||
| 020 | _a0071830820 | ||
| 035 | _a(OCoLC)ocn859180875 | ||
| 040 |
_aUKMGB _beng _cUKMGB _dOCLCO _dYDXCP _dBTCTA _dCUV _dQBX _dOCLCO _dOCLCF _dCUD _dCRH _dIBI _dERD _dOCL _dDLC _dDLC _dEG-ScBUE |
||
| 082 | 0 | 4 |
_a621.4021076 _bPOT _222 |
| 100 | 1 |
_aPotter, Merle C. _912513 |
|
| 245 | 1 | 0 |
_aThermodynamics for engineers / _cMerle C. Potter, Craig W. Somerton. |
| 246 | 3 | 3 | _aSchaum’s outline of thermodynamics for engineers |
| 250 | _a3rd ed. | ||
| 260 |
_aNew York : _bMcGraw-Hill, _cc.2014. |
||
| 300 |
_ax, 406 p. : _bill. ; _c28 cm. |
||
| 490 | 0 | _aSchaum’s outline series | |
| 500 | _aPrevious edition : New York: McGraw-Hill, 2006. | ||
| 504 | _aIncludes bibliographical references and index. | ||
| 650 | 7 |
_aThermodynamics _vProblems, exercises, etc. _2BUEsh _932752 |
|
| 651 | _2BUEsh | ||
| 653 |
_bENGELC _cOctober2016 |
||
| 700 | 1 |
_aSomerton, Craig W. _941299 |
|
| 856 | 4 | 2 |
_3Contributor biographical information _uhttps://www.loc.gov/catdir/enhancements/fy1616/2013946505-b.html |
| 856 | 4 | 2 |
_3Publisher description _uhttps://www.loc.gov/catdir/enhancements/fy1616/2013946505-d.html |
| 942 | _2ddc | ||
| 999 |
_c22439 _d22411 |
||